000 00761nam a2200253 i 4500
001 C2-0241159
003 PPAK
005 20180727203650.0
008 020731s1958 enk |||| ||||| | may d
040 _aPPAK
_beng
_cPPAK
_erda
082 0 4 _a398.2
_223
090 0 0 _a398.2
_bCHE
_dKSI
245 0 0 _aCherita Arab dan Farsi :
_ban anthology of works from the Arabic and Persian
264 1 _aLondon :
_bLongmans, Green and Co. ,
_c1958
300 _avi, 128 pages ;
_c18 cm
336 _2rdacontent
_atext
337 _2rdamedia
_aunmediated
338 _2rdacarrier
_avolume
490 1 _aLongmans' Malay Studies Series
500 _aKesusasteraan Melayu rampai-rampai V
650 1 0 _aTales
830 0 _aLongmans' Malay Studies Series
942 _ddc
_cB
999 _c56287
_d56287